[Event "Madeira AEJ op 11th"]
[Site "Sao Joao da Madeira"]
[Date "2014.10.11"]
[Round "5"]
[White "Cardoso, Artur Da Silva"]
[Black "Pedroso, Tiago Cerqueira"]
[Result "1/2-1/2"]
[WhiteElo "1409"]
[BlackElo "1286"]
[PlyCount "85"]
[EventDate "2014.10.04"]
[EventType "swiss"]
[EventRounds "7"]
[EventCountry "POR"]
[SourceTitle "EXT 2018"]
[Source "ChessBase"]
[SourceDate "2017.10.13"]
[SourceVersion "1"]
[SourceVersionDate "2017.10.13"]
[SourceQuality "1"]

1. e4 c5 2. Bc4 Nc6 3. Nf3 Nf6 4. d3 g6 5. c3 Bg7 6. 0-0 0-0 7. Be3 d6 8. Nbd2 Bd7 9. Rb1 Rc8 10. Re1 a6 11. h3 b5 12. Bb3 b4 13. c4 Qb6 14. a3 bxa3 15. bxa3 Qa5 16. a4 Nb4 17. Nf1 Rb8 18. e5 dxe5 19. Nxe5 Bf5 20. Bd2 Qb6 21. Bxb4 cxb4 22. Qf3 Rbc8 23. Ne3 Be6 24. d4 Qxd4 25. Nc6 Qd7 26. Nxb4 Qd6 27. Nbc2 Nd7 28. Red1 Qc5 29. Qb7 Rc6 30. Rxd7 Bxd7 31. Qxd7 Rd6 32. Qg4 Rb8 33. Qe4 Qa5 34. Qxe7 Rd3 35. Nd5 Rdxb3 36. Rxb3 Rxb3 37. Qe4 Qxa4 38. Ne7+ Kf8 39. Nc6 Rb7 40. N2d4 Bxd4 41. Nxd4 Qxc4 42. Qxb7 Qxd4 43. Qxa6 1/2-1/2

[Event "POR-ch U16"]
[Site "Luso"]
[Date "2014.07.24"]
[Round "3"]
[White "Pedroso, Tiago Cerqueira"]
[Black "Nogueira, Diana Sofia Cunha"]
[Result "0-1"]
[WhiteElo "1336"]
[BlackElo "1541"]
[PlyCount "48"]
[EventDate "2014.07.23"]
[EventType "swiss"]
[EventRounds "7"]
[EventCountry "POR"]
[SourceTitle "EXT 2015"]
[Source "ChessBase"]
[SourceDate "2014.11.20"]
[SourceVersion "1"]
[SourceVersionDate "2014.11.20"]
[SourceQuality "1"]

1. e4 e5 2. Nf3 Nc6 3. Bb5 a6 4. Ba4 Nf6 5. 0-0 d6 6. Re1 b5 7. Bb3 Na5 8. c3 Nxb3 9. axb3 Bg4 10. d3 Be7 11. Nbd2 Qc8 12. Nf1 0-0 13. Ng3 Nh5 14. Nxh5 Bxh5 15. h3 f5 16. Qe2 fxe4 17. Qxe4 Bxf3 18. gxf3 Qxh3 19. Re3 Qf5 20. Qd5+ Qf7 21. Qb7 Bg5 22. Re2 Bxc1 23. Rxc1 Qxf3 24. Rce1 Qxb7 0-1

[Event "POR-ch U16"]
[Site "Braga"]
[Date "2013.08.02"]
[Round "1.9"]
[White "Balu, Henish"]
[Black "Pedroso, Tiago Cerqueira"]
[Result "1-0"]
[WhiteElo "1691"]
[BlackElo "1342"]
[PlyCount "127"]
[EventDate "2013.08.02"]
[EventType "swiss"]
[EventRounds "7"]
[EventCountry "POR"]
[SourceTitle "EXT 2015"]
[Source "ChessBase"]
[SourceDate "2014.11.20"]
[SourceVersion "1"]
[SourceVersionDate "2014.11.20"]
[SourceQuality "1"]

1. e4 c5 2. Nf3 Nc6 3. d4 cxd4 4. Nxd4 Nf6 5. Nc3 g6 6. Be3 Bg7 7. Bc4 0-0 8. Bb3 d6 9. f3 Bd7 10. Qd2 Rc8 11. 0-0-0 Ne5 12. h4 Nc4 13. Bxc4 Rxc4 14. h5 Nxh5 15. g4 Nf6 16. Bh6 Qa5 17. Bxg7 Kxg7 18. Qh6+ Kg8 19. Nd5 Re8 20. Kb1 Qc5 21. Nb3 Qf2 22. e5 Qxc2+ 23. Ka1 Nh5 24. gxh5 gxh5 25. Rdg1+ Bg4 26. fxg4 hxg4 27. exd6 Qe4 28. dxe7 Rc6 29. Qxc6 bxc6 30. Nf6+ Kg7 31. Nxe4 Rxe7 32. Rxg4+ Kf8 33. Nf6 Re6 34. Nxh7+ Ke7 35. Ng5 Rf6 36. a3 Rg6 37. Rh7 Rf6 38. Rxf7+ Rxf7 39. Nxf7 Kxf7 40. Re4 Kf6 41. Kb1 Kf5 42. Nc5 a5 43. Kc2 a4 44. Kd3 Kf6 45. Kd4 Kf5 46. Re8 Kf6 47. Ke4 Kf7 48. Re6 Kg7 49. Kf5 Kf7 50. Rxc6 Ke7 51. Re6+ Kf7 52. Re5 Kg7 53. Ke6 Kg6 54. Nxa4 Kg7 55. Re2 Kg6 56. Rg2+ Kh5 57. Kf6 Kh4 58. Kf5 Kh3 59. Rg7 Kh2 60. Kf4 Kh1 61. Kf3 Kh2 62. Rg6 Kh1 63. Kf2 Kh2 64. Rh6# 1-0

[Event "Gaia Profigaia op 6th"]
[Site "Vila Nova de Gaia"]
[Date "2013.07.07"]
[Round "3.24"]
[White "Mendes, Antonio Adalberto D"]
[Black "Pedroso, Tiago Cerqueira"]
[Result "1-0"]
[WhiteElo "1603"]
[BlackElo "1343"]
[PlyCount "135"]
[EventDate "2013.07.06"]
[EventType "swiss"]
[EventRounds "9"]
[EventCountry "POR"]
[SourceTitle "EXT 2015"]
[Source "ChessBase"]
[SourceDate "2014.11.20"]
[SourceVersion "1"]
[SourceVersionDate "2014.11.20"]
[SourceQuality "1"]

1. e4 c5 2. Nf3 d6 3. d4 cxd4 4. Nxd4 Nf6 5. Nc3 g6 6. Be3 Bg7 7. Bd3 Nc6 8. f3 0-0 9. 0-0 Bd7 10. a3 Rc8 11. Qd2 a6 12. Nb3 Be6 13. Rab1 Qd7 14. Na4 Qc7 15. Nb6 Rb8 16. c4 Nd7 17. Nd5 Qd8 18. Nf4 Nf6 19. Nxe6 fxe6 20. h3 Rc8 21. Qf2 Ne5 22. Qe2 Qc7 23. Rfc1 Nh5 24. Qd2 Rxf3 25. Be2 Rff8 26. Nd4 Qd7 27. b3 Ng3 28. Nf3 Nxe4 29. Nxe5 Bxe5 30. Qe1 Qc7 31. Bf3 Nc5 32. Qd1 Rcd8 33. b4 Nd7 34. Bg4 Rf6 35. Bg5 Bf4 36. Bxf6 Bxc1 37. Bxe6+ Kf8 38. Bxe7+ Kxe7 39. Bxd7 Be3+ 40. Kh1 Kxd7 41. Qg4+ Ke8 42. Re1 Qb6 43. Qe6+ Kf8 44. Rxe3 Qc7 45. Rf3+ Kg7 46. Qf6+ Kg8 47. Qe6+ Kg7 48. Re3 Kf8 49. Qf6+ Qf7 50. Qxd8+ Kg7 51. Re7 Kf6 52. Rxf7+ Kxf7 53. Qxd6 b5 54. cxb5 axb5 55. Qd7+ Kf6 56. Qxb5 Kg7 57. a4 Kh6 58. a5 g5 59. a6 Kh5 60. a7 Kh4 61. a8Q h5 62. Qe4+ g4 63. Qe1+ g3 64. Qc4+ Kg5 65. Qe5+ Kg6 66. Qce6+ Kh7 67. Qxh5+ Kg7 68. Qef7# 1-0